Curious George takes a trip / (Record no. 4576)

MARC details
000 -LEADER
fixed length control field 01321cam a2200337 a 4500
001 - CONTROL NUMBER
control field 4576
003 - CONTROL NUMBER IDENTIFIER
control field FISKH
005 - DATE AND TIME OF LATEST TRANSACTION
control field 20250827145505.0
008 - FIXED-LENGTH DATA ELEMENTS--GENERAL INFORMATION
fixed length control field 070131s2007 maua j 000 1 eng
010 ## - LIBRARY OF CONGRESS CONTROL NUMBER
LC control number 2006101786
020 ## - INTERNATIONAL STANDARD BOOK NUMBER
International Standard Book Number 9780618884032 (pbk. : alk. paper)
020 ## - INTERNATIONAL STANDARD BOOK NUMBER
International Standard Book Number 0618884033 (pbk. : alk. paper)
040 ## - CATALOGING SOURCE
Original cataloging agency DLC
Transcribing agency DLC
Modifying agency DLC
Language of cataloging eng
050 ## - LIBRARY OF CONGRESS CALL NUMBER
Classification number PZ7.M8494
082 ## - DEWEY DECIMAL CLASSIFICATION NUMBER
Classification number 428
100 1# - MAIN ENTRY--PERSONAL NAME
Personal name Moscovich, Rotem.
245 10 - TITLE STATEMENT
Title Curious George takes a trip /
Statement of responsibility, etc. adaptation by Rotem Moscovich.
260 ## - PUBLICATION, DISTRIBUTION, ETC.
Place of publication, distribution, etc. New York :
Name of publisher, distributor, etc. Houghton Mifflin Company,
Date of publication, distribution, etc. 2007.
300 ## - PHYSICAL DESCRIPTION
Extent 22 pages :
Other physical details color illustrations ;
Dimensions 23 cm
500 ## - GENERAL NOTE
General note "Based on the TV series teleplay written by Raye Lankford."
505 ## - FORMATTED CONTENTS NOTE
Formatted contents note G<br/>
520 ## - SUMMARY, ETC.
Summary, etc. Curious George and his friend are going on vacation on an airplane. At check-in, the ticket clerk gives George a toy airplane to play with, but he soon loses it and has a few adventures trying to find it again. What an exciting start to his vacation!--Publisher description.<br/>
521 8# - TARGET AUDIENCE NOTE
Target audience note 400<br/>
Source Lexile<br/>
521 8# - TARGET AUDIENCE NOTE
Target audience note G<br/>
Source Raz-Plus<br/>
650 ## - SUBJECT ADDED ENTRY--TOPICAL TERM
Topical term or geographic name entry element Curious George
Form subdivision Transportation
General subdivision Monkey
700 1# - ADDED ENTRY--PERSONAL NAME
Personal name Lankford, Raye.
Relator term Writer
730 0# - ADDED ENTRY--UNIFORM TITLE
Uniform title Curious George (Television program)
906 ## - LOCAL DATA ELEMENT F, LDF (RLIN)
a 7
b cbc
c orignew
d 1
e ecip
f 20
g y-gencatlg
942 ## - ADDED ENTRY ELEMENTS (KOHA)
Source of classification or shelving scheme Dewey Decimal Classification
Koha item type Books
Suppress in OPAC No
Holdings
Withdrawn status Lost status Source of classification or shelving scheme Damaged status Not for loan Collection Home library Current library Shelving location Date acquired Total Checkouts Full call number Barcode Date last seen Copy number Price effective from Koha item type Date last checked out
    Dewey Decimal Classification     Juvenile Fiction Footprints International School Library Network Toul Kork Campus Footprints International School Library Network Toul Kork Campus TK Primary Library Room(4th Floor), Bookcase 1&2, Shelves 1-16, Dark Blue Books 09/17/2024   MOS 428 PZ7.M8494 FISTK01537 09/17/2024 1 09/17/2024 Books  
    Dewey Decimal Classification     Juvenile Fiction Footprints International School Library Network Toul Kork Campus Footprints International School Library Network Toul Kork Campus TK Primary Library Room(4th Floor), Bookcase 1&2, Shelves 1-16, Dark Blue Books 01/22/2025 1 MOS 428 PZ7.M8494 2025-0069 09/18/2025 2 01/22/2025 Books 09/11/2025
    Dewey Decimal Classification     Juvenile Fiction Footprints International School Library Network Toul Tom Poung Campus Footprints International School Library Network Toul Tom Poung Campus TTP Primary Dark Blue Bookshelves 08/27/2025   MOS 428 PZ7.M8494 FIS03384 08/27/2025 3 08/27/2025 Books